Hacer y pensar del diseñador industrial Javeriano (Record no. 11047)
[ view plain ]
| 000 -CABECERA | |
|---|---|
| campo de control de longitud fija | 01441nam a22003377a 4500 |
| 001 - NÚMERO DE CONTROL | |
| campo de control | BRCA_9425 |
| 003 - IDENTIFICADOR DEL NÚMERO DE CONTROL | |
| campo de control | FranzMayer |
| 005 - FECHA Y HORA DE LA ÚLTIMA TRANSACCIÓN | |
| campo de control | 20230918130457.0 |
| 008 - DATOS DE LONGITUD FIJA--INFORMACIÓN GENERAL | |
| campo de control de longitud fija | 230906b |||||||| |||| 00| 0 eng d |
| 020 ## - NÚMERO INTERNACIONAL ESTÁNDAR DEL LIBRO | |
| Número Internacional Estándar del Libro | 9789587165937 |
| 040 ## - FUENTE DE LA CATALOGACIÓN | |
| Centro catalogador/agencia de origen | MFM |
| Lengua de catalogación | ESPAÑOL |
| Centro/agencia transcriptor | MFM |
| 050 #0 - SIGNATURA TOPOGRÁFICA DE LA BIBLIOTECA DEL CONGRESO | |
| Número de clasificación | TS171.4 |
| Número de documento/Ítem | J38 2012 |
| 110 1# - ENTRADA PRINCIPAL--NOMBRE DE ENTIDAD CORPORATIVA | |
| Código de función/relación | Responsable |
| Nombre de entidad corporativa o nombre de jurisdicción como elemento de entrada | Pontifica Universidad Javeriana |
| 9 (RLIN) | 29656 |
| 240 ## - TÍTULO UNIFORME | |
| Título uniforme | Hacer y pensar del diseñador industrial Javeriano |
| Medio | 35 años, primera muestra 1977-2012 |
| Lenguaje de la obra | Español |
| 245 0# - MENCIÓN DE TÍTULO | |
| Título | Hacer y pensar del diseñador industrial Javeriano |
| Resto del título | 35 años, primera muestra 1977-2012 |
| 260 ## - PUBLICACIÓN, DISTRIBUCIÓN, ETC. | |
| Lugar de publicación, distribución, etc. | Bogotá, Colombia |
| Nombre del editor, distribuidor, etc. | Pontifica Universidad Javeriana |
| Fecha de publicación, distribución, etc. | 2012 |
| 300 ## - DESCRIPCIÓN FÍSICA | |
| Extensión | 207 p |
| Otras características físicas | Ilustraciones a color |
| Dimensiones | 24 cm |
| 500 ## - NOTA GENERAL | |
| Nota general | Anexo 1 |
| 505 ## - NOTA DE CONTENIDO CON FORMATO | |
| Nota de contenido con formato | Texto en: españolIncluye índice temáticoDirigido a: diseñadores, profesores y estudiantes de diseño |
| 650 1# - PUNTO DE ACCESO ADICIONAL DE MATERIA--TÉRMINO DE MATERIA | |
| Fuente del encabezamiento o término | Manufactura |
| Término de materia o nombre geográfico como elemento de entrada | Manufactura de objetos |
| Subdivisión de forma | Diseño de productos |
| 9 (RLIN) | 29657 |
| 651 2# - PUNTO DE ACCESO ADICIONAL DE MATERIA--NOMBRE GEOGRÁFICO | |
| Fuente del encabezamiento o término | Diseño |
| Nombre geográfico | Diseño industrial |
| Subdivisión de forma | Pontifica Universidad Javeriana |
| 9 (RLIN) | 29658 |
| 700 1# - PUNTO DE ACCESO ADICIONAL--NOMBRE DE PERSONA | |
| Código de función/relación | Foto |
| Nombre de persona | Aldana, Camilo |
| 9 (RLIN) | 29659 |
| 700 1# - PUNTO DE ACCESO ADICIONAL--NOMBRE DE PERSONA | |
| Código de función/relación | Foto |
| Nombre de persona | Arcos Arciniegas, Bibiana |
| 9 (RLIN) | 29660 |
| 700 1# - PUNTO DE ACCESO ADICIONAL--NOMBRE DE PERSONA | |
| Código de función/relación | Foto |
| Nombre de persona | Cruz-DePaula, Danilo |
| 9 (RLIN) | 29661 |
| 700 1# - PUNTO DE ACCESO ADICIONAL--NOMBRE DE PERSONA | |
| Código de función/relación | Foto |
| Nombre de persona | Gómez Jaramillo, Martín Horacio |
| 9 (RLIN) | 29662 |
| 700 1# - PUNTO DE ACCESO ADICIONAL--NOMBRE DE PERSONA | |
| Código de función/relación | Foto |
| Nombre de persona | Guerrego G, Omar |
| 9 (RLIN) | 29663 |
| 700 1# - PUNTO DE ACCESO ADICIONAL--NOMBRE DE PERSONA | |
| Código de función/relación | Foto |
| Nombre de persona | Malo Jaramillo, Juan |
| 9 (RLIN) | 29664 |
| 700 1# - PUNTO DE ACCESO ADICIONAL--NOMBRE DE PERSONA | |
| Código de función/relación | Foto |
| Nombre de persona | Quínceno Hoyos, Santiago |
| 9 (RLIN) | 29665 |
| 700 1# - PUNTO DE ACCESO ADICIONAL--NOMBRE DE PERSONA | |
| Código de función/relación | Foto |
| Nombre de persona | Ramírez, Omar |
| 9 (RLIN) | 29666 |
| 942 ## - ELEMENTOS DE PUNTO DE ACCESO ADICIONAL (KOHA) | |
| Fuente del sistema de clasificación o colocación | Library of Congress Classification |
| Tipo de ítem Koha | Libros |
| Estado de retiro | Estado de pérdida | Fuente del sistema de clasificación o colocación | Estado dañado | No para préstamo | Código de colección | Localización permanente | Ubicación/localización actual | Fecha de adquisición | Total de préstamos | Signatura topográfica completa | Código de barras | Fecha visto por última vez | Precio válido a partir de | Tipo de ítem Koha |
|---|---|---|---|---|---|---|---|---|---|---|---|---|---|---|
| El ejemplar forma parte de la colección y puede ser consultado según las políticas vigentes. | Library of Congress Classification | Fondo Contemporáneo | Biblioteca del Museo Franz Mayer (Rogerio Casas-Alatriste) | Biblioteca del Museo Franz Mayer (Rogerio Casas-Alatriste) | 06/09/2023 | TS171.4 J38 2012 | CONT10198 | 06/09/2023 | 06/09/2023 | Libros |